000 01087nam a2200265 i 4500
001 000013316
003 DO-SdBNP
005 20240409073638.0
007 ta
008 091123t1950 dr r 000 0 spa d
040 _aDO-SdBNP
_bspa
_cBNPHU
_erda
082 4 _a972.93053
_bT866e
_222
100 1 _aTrujillo Molina, Rafael Leónidas,
_d 1891-1961
_976764
245 1 0 _aEvolución de la democracia en Santo Domingo :
_bdiscurso pronunciado por su excelencia el Presidente de la República Dominicana al inaugurar la XIII Conferencia Sanitaria Panamericana /
_cRafael Leónidas Trujillo Molina.
264 _aCiudad Trujillo, República Dominicana :
_bImpresora Dominicana,
_c1950.
300 _a69 páginas ;
_c23 cm.
336 _2rdacontent
_atexto
_btxt
337 _2rdamedia
_asin mediación
_bn
338 _2rdacarrier
_avolumen
_bnc
590 _aInventariado, 2020/ YL
650 4 _aDiscursos presidenciales
_910061
651 4 _aRepública Dominicana
_xPolítica y gobierno
_yEra de Trujillo, 1930-1961
_91374
910 _aValidado. Control de calidad. EMS
942 _2ddc
_cLBS1
999 _c12946
_d12946